000 00868nam a2200229Ii 4500
003 JO-AjNU
008 230605s9999||||xx |||||||||||||| ||und||
017 _a2004/7/1757
020 _a9957-16-037-0
040 _aJO-AjNU
_bara
_erda
_cJO-AjNU
041 _aara
050 1 4 _aKMM167.A93.2006
100 3 _a العبودي ، عباس ,
_eauthor
_912654
245 0 0 _aشرح أحكام قانون البينات " دراسة مقارنة معززة بآخر التعديلات التشريعية والمبادئ القانونية "
250 _aط1
264 3 1 _aعمان : دار الثقافة ، 2006
300 _a271ص
336 _atext
_btxt
_2rdacontent
337 _aunmediated
_bn
_2rdamedia
338 _avolume
_bnc
_2rdacarrier
650 4 _aالققانون المدني -- البيئة -- قواعد الإجراءات القانونية
_912655
999 _aA2944
_c6512
_d6512